000 01124nam a2200205 i 4500
001 28579
003 ES-MaACL
005 20230906153905.0
007 t|
008 030117m19011905xxu ||||1| eng d
100 1 _aBaldwin, James Mark.
_924913
245 1 0 _aDictionary of philosophy and psychology
_b: including many of the principal conceptions of ethics, logic, aesthetics, philosophy of religion, mental pathology, anthropology, biology, neurology, physiology, economics, political and social philosophy, philology, physical science, and education; and giving a terminology in English, French, German and Italian /
_cwritten by many hands and edited by James Mark Baldwin with the co-operation and assistance of an international board of consulting editors.
260 _aNew York :
_bThe Marmillan Company,
_c1901-1905 (
_fHorace Hart)
300 _a3 t. en 4 v. :
_bil. ;
_c18 cm.
650 0 4 _aFilosofía-
_vDiccionarios.
_912806
650 4 _aFilosofía-
_vBibliografías.
_9159347
650 0 4 _aPsicología-
_vDiccionarios.
_916542
650 0 4 _aPsicología-
_xBibliografías.
_916541
852 _aES-MaACL
_jB-777-80
999 _c28579
_d28579